| 000 | 00523nam a22001577a 4500 | ||
|---|---|---|---|
| 008 | 161013b xxu||||| |||| 00| 0 eng d | ||
| 050 | _aPQ1590.G3 | ||
| 100 |
_aVillon, Francois _926682 |
||
| 245 |
_aDie lasterhaften Balladen und Lieder des Francois Villon _bNachdichtung _c/Paul Zech and Francois Villon |
||
| 260 |
_aMunchen _bDeutscher Taschenbuch Verlag _c1962 |
||
| 300 |
_a176p. ; _c18cm. |
||
| 440 |
_aDTV _n43 _926683 |
||
| 600 |
_aVillon, Francois _926682 |
||
| 700 |
_aZech, paul _926728 |
||
| 942 |
_2lcc _cMONOGRAPH |
||
| 999 |
_c125494 _d125494 |
||